=LDR 00000nam 2200000 4500 =001 INLIS000000000041275 =005 20130612150822 =008 ***********************************ind** =035 ##$$0010-061300000041275 =041 ##$$a ind =082 ##$$a 372.7 =245 ##$$a matematika tangkas berhitung 2b:utk murid SD kelas 2 =260 ##$$a remaja rosdakarya $b bandung =300 ##$$a 80 hlm =850 ##$$a NBPNMAT